00269nam a2200109Ia 4500008004100000020001800041100002100059245004500080260001800125300000800143650000800151191201s2018 xx 000 0 und d a9789332551848 aLIANG, Y. Daniel 0aIntroduction to Programming Using PYTHON bPearsonc2018 a557 aMCA